LEADER 00872cam0 2200241 450 001 E600200018799 005 20210423074425.0 100 $a20060612d1948 |||||ita|0103 ba 101 $aita 102 $aIT 200 1 $a<>ideale educativo e la scuola nazionale$elezioni di pedagogia generale fondata sul concetto di autoeducazione$fGiuseppe Lombardo Radice 210 $aFirenze$cSandron$d1948 215 $a250 p.$d21 cm 700 1$aLombardo Radice$b, Giuseppe$3A600200029347$4070$0114917 801 0$aIT$bUNISOB$c20210423$gRICA 850 $aUNISOB 852 $aUNISOB$j370$m3149 912 $aE600200018799 940 $aM 102 Monografia moderna SBN 941 $aM 957 $a370$b000371$gSi$d3149$racquisto$1pregresso1$2UNISOB$3UNISOB$420060612114040.0$520190509113908.0$6Spinosa 996 $aIdeale educativo e la scuola nazionale$9274255 997 $aUNISOB LEADER 01138nam 2200313Ia 450 001 996386265803316 005 20221108095514.0 035 $a(CKB)4940000000077459 035 $a(EEBO)2248567804 035 $a(OCoLC)12492503 035 $a(EXLCZ)994940000000077459 100 $a19850905d1647 uy | 101 0 $aeng 135 $aurbn||||a|bb| 200 14$aThe glorious mystery of Gods mercy, or, A precious cordiall for fainting soules$b[electronic resource] $ea treatise wherein two great mysteries are opened ... : also, the royall law proved to be a rule of gospell obedience ... /$fIohn Bisco .. 210 $aLondon $cPrinted by Richard Bishop$d1647 215 $a[15], 301, [2] p 300 $aReproduction of original in Union Theological Seminary Library, New York. 300 $aMarginal notes. 330 $aeebo-0160 700 $aBisco$b John$fd. 1679.$01016879 801 0$bEAA 801 1$bEAA 801 2$bm/c 801 2$bWaOLN 906 $aBOOK 912 $a996386265803316 996 $aThe glorious mystery of Gods mercy, or, A precious cordiall for fainting soules$92381740 997 $aUNISA